Ethiopian Immigrants in US Metro Areas - Statistics

General Stats
  • This quiz has been taken 62 times
  • The average score is 11 of 24
Answer Stats
African Immigrant Population State Metro Area % Correct
0.73% Washington, DC
84%
0.21% GA Atlanta
82%
0.42% MN Minneapolis-St Paul
82%
0.39% WA Seattle
80%
0.39% NV Las Vegas
78%
0.25% CO Denver
76%
0.17% OH Columbus
71%
0.09% OR Portland
71%
0.14% TX Dallas-Fort Worth
69%
0.09% TN Memphis
67%
0.09% TN Nashville
64%
0.61% SD Sioux Falls
58%
0.17% CA San Jose
47%
0.17% MN Rochester
38%
0.33% MN St Cloud
29%
0.18% TN-KY Clarksville-Hopkinsville
24%
0.10% NC Durham-Chapel Hill
24%
0.15% PA Lancaster
18%
0.17% KY Bowling Green
16%
0.13% OR Corvallis
16%
0.10% Kansas City (MO-KS)
13%
0.09% UT Logan
13%
0.12% VA Blacksburg-Christiansburg-Radford
11%
0.09% Texarkana (TX-AR)
2%
No matching quizzes found
Score Distribution
Percent of People with Each Score
Percentile by Number Answered
Your Score History
You have not taken this quiz